| 000 | 00516nam a2200169Ia 4500 | ||
|---|---|---|---|
| 999 |
_c12036 _d12036 |
||
| 003 | OSt | ||
| 005 | 20201020122055.0 | ||
| 008 | 190216s9999||||xx |||||||||||||| ||und|| | ||
| 040 | _coclc | ||
| 082 |
_a891.733 _bLES/E |
||
| 100 |
_aLeskov, Nikolai _95413 |
||
| 245 | 4 |
_aThe Enchanted Wanderer And Other Stories / _cNikolai Leskov |
|
| 260 |
_bForeign Languages Publishing house , _a1873. _cMoscow: |
||
| 300 | _a346p | ||
| 650 | _aSpeeches | ||
| 942 |
_cBK _2ddc _h891.733 _iLES/E _k891.733 _mLES/E |
||